Normal view
MARC view
- American electrican's handbook
Entry Topical Term
001 - CONTROL NUMBER
- control field: 101174
003 - CONTROL NUMBER IDENTIFIER
- control field: NUST
005 - DATE AND TIME OF LATEST TRANSACTION
- control field: 20221024094207.0
008 - FIXED-LENGTH DATA ELEMENTS
- fixed length control field: 221024|| aca||aabn | a|a d
040 ## - CATALOGING SOURCE
- Original cataloging agency: NUST
- Transcribing agency: NUST
150 ## - HEADING--TOPICAL TERM
- Topical term or geographic name entry element: American electrican's handbook
670 ## - SOURCE DATA FOUND
- Source citation: Work cat.: (NUST)180262: Croft, Terrell 41119, American electricians’ handbook :, 1948
